000 00941nam a2200253 4500
001 112798
003 ES-MaACL
005 20230906185632.0
007 t|
008 061121s1980 sp r ||||1| spa d
100 1 _aNietzsche, Friedrich,
_d1844-1900
_985718
245 1 0 _aSobre verdad y mentira en sentido extramoral /
_c[por] Friedrich Nietzsche. La voluntad de ilusión en Nietzsche / [por] Hans Vaihinger ; traducción de Luis Manuel Valdés y Teresa Orduña.
260 _aValencia :
_bRevista Teorema,
_c1980.
300 _a60 p. ;
_c19 cm.
490 1 _aCuadernos teorema
600 1 4 _aNietzsche, Friedrich,
_d1844-1900-
_xCrítica e interpretación
_985721
650 1 4 _aVerdad.
_917765
700 1 _aVaihinger, Hans.
_9112404
700 1 _aValdés Villanueva, Luis M.
_9112536
700 1 _aOrduña, Teresa.
_987211
830 0 _aCuadernos teorema
_9180999
852 _aES-MaACL
_jA-10867
_bR.99953
999 _c112798
_d112798